Project controls in the North American market (Record no. 116009)

MARC details
000 -LEADER
fixed length control field 01400cad a22002775a 4500
001 - CONTROL NUMBER
control field L159569
008 - FIXED-LENGTH DATA ELEMENTS--GENERAL INFORMATION
fixed length control field 100415u20160410xxk g 000 0 eng d
035 ## - SYSTEM CONTROL NUMBER
System control number (Sirsi) u159569
041 0# - LANGUAGE CODE
Language code of text/sound track or separate title eng
050 04 - LIBRARY OF CONGRESS CALL NUMBER
Classification number 658.404 $2 18
110 ## - MAIN ENTRY--CORPORATE NAME
Corporate name or jurisdiction name as entry element Royal Institution of Chartered Surveyors
9 (RLIN) 4900
245 00 - TITLE STATEMENT
Title Project controls in the North American market
Medium [electronic resource]
260 ## - PUBLICATION, DISTRIBUTION, ETC.
Place of publication, distribution, etc. London
Name of publisher, distributor, etc. RICS
Date of publication, distribution, etc. 2016
490 #0 - SERIES STATEMENT
Series statement RICS Insight
490 #0 - SERIES STATEMENT
Series statement RICS Research
520 ## - SUMMARY, ETC.
Summary, etc. Looks at the principle 'good practice' components of a project controls function (either in house or outsourced) to address any common issues in the industry, particularly in North America. Project controls represents an integrated approach to managing the budget, schedule, data and documents for a project, as well as providing relevant analysis of these. It is often utilised in conjunction with project management in order to increase transparency and coordination and reduce risk related to budget, schedule and other factors.
590 ## - LOCAL NOTE (RLIN)
Local note KA NTK
650 24 - SUBJECT ADDED ENTRY--TOPICAL TERM
Topical term or geographic name entry element PROJECT CONTROL
650 24 - SUBJECT ADDED ENTRY--TOPICAL TERM
Topical term or geographic name entry element BUDGETING
650 24 - SUBJECT ADDED ENTRY--TOPICAL TERM
Topical term or geographic name entry element SCHEDULING
651 #4 - SUBJECT ADDED ENTRY--GEOGRAPHIC NAME
Geographic name United States
Chronological subdivision 1959-
690 ## - LOCAL SUBJECT ADDED ENTRY--TOPICAL TERM (OCLC, RLIN)
Topical term or geographic name as entry element Project management
9 (RLIN) 6261
700 1# - ADDED ENTRY--PERSONAL NAME
Personal name Nalewaik, Alexia
856 40 - ELECTRONIC LOCATION AND ACCESS
Uniform Resource Identifier <a href="https://www.rics.org/profession-standards/knowledge-and-information-services/document-delivery-and-o">https://www.rics.org/profession-standards/knowledge-and-information-services/document-delivery-and-o</a>
Public note email [email protected] to request a copy
942 ## - ADDED ENTRY ELEMENTS (KOHA)
Suppress in OPAC 0
Holdings
Withdrawn status Lost status Damaged status Not for loan Home library Current library Shelving location Date acquired Total Checkouts Full call number Date last seen Copy number Price effective from Koha item type Public note
        Virtual Virtual Online 12/09/2017   SCAN 02/02/2024 1 06/08/2019 Online material Please contact [email protected] to request a digital copy